| 000 | 00535nam a22001457a 4500 | ||
|---|---|---|---|
| 999 |
_c30234 _d30234 |
||
| 008 | 190508b xxu||||| |||| 00| 0 eng d | ||
| 020 | _a9780435905408 | ||
| 050 | _aAFR PR 9379.9 .A79B4 1975 | ||
| 100 | _aArmah,Ayi Kwei. | ||
| 245 |
_aThe Beautyful ones are not yet born / _cAyi Kwei Armah. |
||
| 260 |
_aEngland : _bPearson Education Limited, _c1995. |
||
| 300 |
_a183p. : _c20cm. |
||
| 650 |
_aAfrican literature _vhistory and criticism / |
||
| 942 |
_2lcc _cAFRICANA _hAFR PR 9379.9 .A79B4 1975 |
||